[Event "SVK-chT rapid"]
[Site "Poprad"]
[Date "2025.05.04"]
[Round "3.16"]
[White "Stric, Dusan"]
[Black "Hemala, Jozef"]
[Result "1-0"]
[WhiteElo "1948"]
[BlackElo "1763"]
[PlyCount "137"]
[EventDate "2025.05.04"]
[EventType "team-swiss (rapid)"]
[EventRounds "7"]
[EventCountry "SVK"]
[SourceTitle "CB19_2025"]
[SourceDate "2025.05.07"]
[SourceVersion "1"]
[SourceVersionDate "2025.05.07"]
[SourceQuality "1"]

1. c4 c5 2. Nc3 Nc6 3. g3 e6 4. Bg2 Nge7 5. e3 g6 6. Nge2 Bg7 7. 0-0 0-0 8. b3 d5 9. cxd5 exd5 10. d4 cxd4 11. Nxd4 Nxd4 12. exd4 Be6 13. Ne2 Rc8 14. Bb2 Bf5 15. Rc1 Qd7 16. Nf4 Rxc1 17. Bxc1 Rc8 18. Ba3 g5 19. Bxe7 gxf4 20. Bg5 Bc2 21. Qd2 fxg3 22. hxg3 Bg6 23. Qa5 h6 24. Be3 b6 25. Qxd5 Qxd5 26. Bxd5 Rd8 27. Bc4 Bxd4 28. Rd1 Bf6 29. Rxd8+ Bxd8 30. Bxh6 Be7 31. Be3 Bb1 32. a4 Bb4 33. f4 Kf8 34. Kf2 Ke7 35. Kf3 f5 36. g4 Be4+ 37. Kg3 Be1+ 38. Kh3 fxg4+ 39. Kxg4 Bc3 40. f5 Kf8 41. Be6 Kg7 42. Bg5 Bc2 43. Bd8 Bd4 44. Kf4 a6 45. f6+ Kf8 46. Be7+ Ke8 47. Bd5 b5 48. a5 Bc3 49. b4 Bd3 50. Bb7 Bc4 51. Bxa6 Kf7 52. Bb7 Bd4 53. a6 Ba7 54. Kf5 Bd3+ 55. Be4 Bc4 56. Bc5 Be6+ 57. Kg5 Bb8 58. a7 Bxa7 59. Bxa7 Bc4 60. Bg6+ Kg8 61. Bc5 Bb3 62. Kf4 Bc4 63. Ke5 Bb3 64. Kd6 Bc4 65. Kc6 Kh8 66. f7 Bxf7 67. Bxf7 Kg7 68. Bd5 Kf6 69. Kxb5 1-0

[Event "SVK-chT rapid"]
[Site "Poprad"]
[Date "2025.??.??"]
[Round "4.20"]
[White "Hemala, Jozef"]
[Black "Gajdosik, Andrej"]
[Result "0-1"]
[WhiteElo "1763"]
[BlackElo "1989"]
[PlyCount "154"]
[EventDate "2025.05.04"]
[EventType "team-swiss (rapid)"]
[EventRounds "7"]
[EventCountry "SVK"]
[SourceTitle "CB19_2025"]
[SourceDate "2025.05.07"]
[SourceVersion "1"]
[SourceVersionDate "2025.05.07"]
[SourceQuality "1"]

1. Nf3 d5 2. d4 Nf6 3. h3 g6 4. c3 Bg7 5. Bf4 0-0 6. Nbd2 b6 7. e3 Bb7 8. Be2 Nbd7 9. 0-0 c5 10. b3 Ne4 11. Nxe4 dxe4 12. Nd2 e5 13. dxe5 Nxe5 14. Qc2 Nd3 15. Bg3 f5 16. Rad1 Qd5 17. c4 Qc6 18. a4 Rad8 19. Nb1 Rd7 20. Nc3 Qf6 21. Nd5 Bxd5 22. cxd5 Nb4 23. Qc4 Rfd8 24. d6+ Kh8 25. f3 exf3 26. Rxf3 Nc6 27. e4 Nd4 28. Rf2 Bh6 29. e5 Qg5 30. Bf4 Qxf4 31. Rxf4 Bxf4 32. Rxd4 Be3+ 33. Kh2 Bxd4 34. Qe6 Kg7 35. Bb5 Rf7 36. d7 c4 37. bxc4 Bc5 38. Qd5 Re7 39. e6 Kf6 40. Qc6 Rxe6 41. Qc8 Be7 42. Qb7 Bd6+ 43. Kg1 Bg3 44. c5 bxc5 45. Qxa7 Rd6 46. Qxc5 Rd1+ 47. Bf1 R8xd7 48. Qc3+ Be5 49. Qc6+ R7d6 50. Qf3 R6d4 51. g3 Rd6 52. h4 h5 53. Kg2 R6d2+ 54. Be2 Re1 55. Qc6+ Rd6 56. Qc2 Bd4 57. Kf3 Re6 58. Qd3 Re3+ 59. Qxe3 Bxe3 60. Kxe3 Rg1 61. Kf3 Ra1 62. Bb5 Ke5 63. Kg2 f4 64. Kf3 Ra3+ 65. Kg2 Rxg3+ 66. Kh2 Ra3 67. Kg2 Ke4 68. Kf2 Ra2+ 69. Kf1 Kf3 70. Kg1 Kg3 71. Kf1 Kxh4 72. Ke1 Kg3 73. Kd1 f3 74. Kc1 f2 75. Kb1 Ra3 76. Kb2 Re3 77. a5 Re5 0-1

[Event "Liptovske Sliace op 14th"]
[Site "Liptovske Sliace"]
[Date "2024.04.27"]
[Round "5"]
[White "Hemala, Jozef"]
[Black "Ambrozi, Peter"]
[Result "0-1"]
[WhiteElo "1834"]
[BlackElo "1991"]
[PlyCount "100"]
[EventDate "2024.04.26"]
[EventType "swiss"]
[EventRounds "8"]
[EventCountry "SVK"]
[SourceTitle "CBM 220 Extra"]
[Source "ChessBase"]
[SourceDate "2024.07.31"]
[SourceVersion "1"]
[SourceVersionDate "2024.07.31"]
[SourceQuality "1"]

1. Nf3 d5 2. d4 Nf6 3. h3 c5 4. c3 Nc6 5. e3 e6 6. Be2 Bd6 7. Nbd2 b6 8. 0-0 0-0 9. a4 Bb7 10. b3 e5 11. dxe5 Nxe5 12. Nxe5 Bxe5 13. Bb2 Bc7 14. Re1 Qd6 15. Nf1 Rad8 16. Bf3 Ba6 17. Be2 Bxe2 18. Qxe2 Rfe8 19. Rad1 Qe6 20. Qc2 Ne4 21. Rd3 Rd6 22. Red1 Red8 23. c4 dxc4 24. Rxd6 Nxd6 25. Qc3 f6 26. bxc4 Kf7 27. Rd5 Nxc4 28. Rxd8 Bxd8 29. Bc1 Bc7 30. Nd2 Nxd2 31. Qxd2 Qd6 32. Kf1 Qxd2 33. Bxd2 Ke6 34. Ke2 Kd5 35. Kd3 c4+ 36. Kc3 Be5+ 37. Kc2 Kc5 38. f4 Bc7 39. Bc3 Kd5 40. Bd4 a6 41. Bc3 b5 42. axb5 axb5 43. g4 Ke4 44. Kd2 Bb6 45. g5 Bxe3+ 46. Ke2 fxg5 47. f5 Bd4 48. Bxd4 Kxd4 49. Kf3 c3 50. Kg4 c2 0-1

[Event "SVK-chT2C 2122"]
[Site "Slovakia"]
[Date "2022.05.01"]
[Round "11.8"]
[White "Lovcican, Tomas"]
[Black "Hemala, Jozef"]
[Result "1-0"]
[WhiteElo "2024"]
[BlackElo "1706"]
[PlyCount "53"]
[EventDate "2021.10.16"]
[EventType "team-tourn"]
[EventRounds "11"]
[EventCountry "SVK"]
[SourceTitle "EXT 2023"]
[Source "ChessBase"]
[SourceDate "2022.10.05"]
[SourceVersion "1"]
[SourceVersionDate "2022.10.05"]
[SourceQuality "1"]
[WhiteTeam "Banska Bystrica Kurta"]
[BlackTeam "Ondrasova Krivan"]
[WhiteTeamCountry "SVK"]
[BlackTeamCountry "SVK"]

1. e4 c5 2. Nf3 e6 3. d4 cxd4 4. Nxd4 a6 5. Nc3 Bb4 6. Bd2 Nc6 7. Nb3 Qc7 8. Bd3 Bd6 9. a4 b6 10. Qg4 g6 11. f4 h5 12. Qg3 Nb4 13. e5 Nxd3+ 14. cxd3 Be7 15. Rc1 Qd8 16. Qf3 Rb8 17. d4 Bh4+ 18. g3 Bb7 19. Ne4 Be7 20. Qd3 f5 21. exf6 Bxf6 22. Nd6+ Ke7 23. Bb4 Bxh1 24. Qxg6 Qf8 25. Nf7+ Ke8 26. Nxh8+ Kd8 27. Bxf8 1-0

[Event "SVK-chT2C 2122"]
[Site "Slovakia"]
[Date "2022.04.30"]
[Round "10.7"]
[White "Ambrozi, Peter"]
[Black "Hemala, Jozef"]
[Result "1-0"]
[WhiteElo "1994"]
[BlackElo "1706"]
[PlyCount "79"]
[EventDate "2021.10.16"]
[EventType "team-tourn"]
[EventRounds "11"]
[EventCountry "SVK"]
[SourceTitle "EXT 2023"]
[Source "ChessBase"]
[SourceDate "2022.10.05"]
[SourceVersion "1"]
[SourceVersionDate "2022.10.05"]
[SourceQuality "1"]
[WhiteTeam "Bziny"]
[BlackTeam "Ondrasova Krivan"]
[WhiteTeamCountry "SVK"]
[BlackTeamCountry "SVK"]

1. d4 d5 2. c4 c6 3. Nc3 Nf6 4. Nf3 e6 5. g3 Be7 6. Bg2 0-0 7. 0-0 h6 8. b3 Nbd7 9. Qc2 Nb6 10. c5 Nbd7 11. b4 b6 12. Bf4 Ba6 13. Rfd1 Bc4 14. Nd2 Bxe2 15. Nxe2 a5 16. a3 Nh5 17. Nf3 Nxf4 18. Nxf4 Bf6 19. Nd3 Qc7 20. cxb6 Nxb6 21. Nde5 Rfc8 22. Rac1 axb4 23. axb4 Qb7 24. Nd3 Nc4 25. Bf1 Na3 26. Qb3 Rcb8 27. Ra1 Nc4 28. Rxa8 Rxa8 29. Nc5 Ra3 30. Qxa3 Nxa3 31. Nxb7 Nc2 32. b5 cxb5 33. Bxb5 g5 34. Nd6 Bg7 35. Rc1 Nxd4 36. Nxd4 Bxd4 37. Rc7 f6 38. Re7 e5 39. Bc6 Bc5 40. Bxd5+ 1-0

[Event "SVK-chT2C 1718"]
[Site "Slovakia"]
[Date "2018.01.13"]
[Round "5.7"]
[White "Hemala, Jozef"]
[Black "Palider, Pavol"]
[Result "1-0"]
[WhiteElo "1742"]
[BlackElo "1977"]
[PlyCount "95"]
[EventDate "2017.10.28"]
[EventType "team-tourn"]
[EventRounds "11"]
[EventCountry "SVK"]
[SourceTitle "EXT 2019"]
[Source "ChessBase"]
[SourceDate "2018.10.10"]
[SourceVersion "1"]
[SourceVersionDate "2018.10.10"]
[SourceQuality "1"]
[WhiteTeam "Liptovska Stiavnica"]
[BlackTeam "Bziny"]
[WhiteTeamCountry "SVK"]
[BlackTeamCountry "SVK"]

1. Nf3 g6 2. d4 Bg7 3. c3 d6 4. e4 a6 5. Bd3 b5 6. h3 Nd7 7. Bf4 Bb7 8. Bg3 Ngf6 9. Nbd2 0-0 10. 0-0 c5 11. d5 c4 12. Bc2 Nc5 13. Re1 Rc8 14. Rc1 e6 15. dxe6 Nxe6 16. Nd4 Nxd4 17. cxd4 Nh5 18. Nf1 Nxg3 19. Nxg3 c3 20. bxc3 Rxc3 21. Qd2 Rc4 22. Ne2 Qh4 23. Qd3 Re8 24. f3 Bh6 25. Rcd1 d5 26. e5 Rc7 27. Rf1 f6 28. f4 Bg7 29. Bb3 Rec8 30. Qf3 Rd8 31. Rc1 Rcd7 32. Kh2 fxe5 33. dxe5 Qe7 34. Nd4 Rf8 35. Qe2 g5 36. Qg4 h5 37. Qxh5 gxf4 38. Bc2 Qxe5 39. Bh7+ Kh8 40. Bf5+ Kg8 41. Qh7+ Kf7 42. Nf3 Qd6 43. Rce1 Rfd8 44. Ne5+ Qxe5 45. Qg6+ Kf8 46. Rxe5 Bxe5 47. Bxd7 f3+ 48. g3 1-0

[Event "Oravska Priehrada op"]
[Site "Namestovo"]
[Date "2017.08.26"]
[Round "2"]
[White "Hemala, Jozef"]
[Black "Sustek, Mikulas"]
[Result "1-0"]
[WhiteElo "1739"]
[BlackElo "1471"]
[PlyCount "92"]
[EventDate "2017.08.25"]
[EventType "swiss"]
[EventRounds "7"]
[EventCountry "SVK"]
[SourceTitle "CBM 180 Extra"]
[Source "ChessBase"]
[SourceDate "2017.10.06"]
[SourceVersion "1"]
[SourceVersionDate "2017.10.06"]
[SourceQuality "1"]

1. Nf3 Nf6 2. h3 e6 3. d4 d5 4. Bf4 Bd6 5. Bxd6 Qxd6 6. c3 0-0 7. Nbd2 Nbd7 8. e3 b6 9. Be2 Bb7 10. 0-0 c5 11. Rc1 Rfc8 12. Qb3 c4 13. Qd1 b5 14. b3 a5 15. bxc4 bxc4 16. Qc2 Bc6 17. e4 Nxe4 18. Nxe4 dxe4 19. Nd2 Qc7 20. Nxe4 Bxe4 21. Qxe4 Nf6 22. Qc2 Rab8 23. Rb1 Nd5 24. Bf3 Rxb1 25. Rxb1 Rb8 26. Bxd5 exd5 27. Qf5 Rxb1+ 28. Qxb1 Kf8 29. Qb2 Ke7 30. Qe2+ Kd8 31. Qb2 Ke7 32. g3 Kd6 33. Kg2 f6 34. h4 Kc6 35. a4 Kd6 36. Qb5 Ke6 37. f4 g6 38. Kf3 f5 39. g4 fxg4+ 40. Kxg4 Qd8 41. Qa6+ Kf7 42. Qb7+ Kg8 43. Qc6 Kg7 44. Qe6 h5+ 45. Kg3 Qa8 46. f5 Qb8+ 1-0

[Event "Oravska Priehrada op"]
[Site "Namestovo"]
[Date "2017.08.26"]
[Round "4"]
[White "Pietrzak, Tomasz"]
[Black "Hemala, Jozef"]
[Result "1-0"]
[WhiteElo "1470"]
[BlackElo "1739"]
[PlyCount "68"]
[EventDate "2017.08.25"]
[EventType "swiss"]
[EventRounds "7"]
[EventCountry "SVK"]
[SourceTitle "CBM 180 Extra"]
[Source "ChessBase"]
[SourceDate "2017.10.06"]
[SourceVersion "1"]
[SourceVersionDate "2017.10.06"]
[SourceQuality "1"]

1. e4 c5 2. c4 e6 3. Nc3 a6 4. g3 Nc6 5. Bg2 Be7 6. d3 Bf6 7. Nge2 Nge7 8. f4 d6 9. 0-0 Nd4 10. Be3 Nec6 11. g4 g6 12. Qd2 Bg7 13. Bf2 0-0 14. Nxd4 cxd4 15. Ne2 f5 16. exf5 gxf5 17. g5 e5 18. Bd5+ Kh8 19. Ng3 Ne7 20. Rfe1 Nxd5 21. cxd5 Qc7 22. Rac1 Qf7 23. Qa5 Rb8 24. Rc7 Qe8 25. Bxd4 Rf7 26. Rxf7 Qxf7 27. Qd8+ Qf8 28. Qxf8+ Bxf8 29. fxe5 dxe5 30. Bxe5+ Bg7 31. Bxb8 Bd7 32. Be5 Bxe5 33. Rxe5 f4 34. Ne4 Bb5 1-0

[Event "SVK-chT1E 1617"]
[Site "Slovakia"]
[Date "2017.03.18"]
[Round "10.6"]
[White "Hemala, Jozef"]
[Black "Ihnat, Marek1"]
[Result "1-0"]
[WhiteElo "1722"]
[BlackElo "1777"]
[PlyCount "57"]
[EventDate "2016.10.15"]
[EventType "team-tourn"]
[EventRounds "11"]
[EventCountry "SVK"]
[SourceTitle "EXT 2019"]
[Source "ChessBase"]
[SourceDate "2018.10.10"]
[SourceVersion "1"]
[SourceVersionDate "2018.10.10"]
[SourceQuality "1"]
[WhiteTeam "Liptovska Stiavnica"]
[BlackTeam "Michalovce Zemplin"]
[WhiteTeamCountry "SVK"]
[BlackTeamCountry "SVK"]

1. Nf3 c5 2. c3 Nc6 3. d4 d5 4. h3 Nf6 5. e3 Bf5 6. Nh4 Bxb1 7. Rxb1 e5 8. dxe5 Nxe5 9. Nf3 Nxf3+ 10. Qxf3 a6 11. Bd3 Be7 12. 0-0 0-0 13. b4 b5 14. Rd1 Qc7 15. a3 Rad8 16. Bb2 Rfe8 17. bxc5 Bxc5 18. Ra1 Bd6 19. a4 bxa4 20. Rxa4 Rb8 21. Ba1 a5 22. c4 dxc4 23. Rxc4 Qe7 24. Bxf6 gxf6 25. Qh5 Qd7 26. Bf5 Qb5 27. Rg4+ Kf8 28. Rxd6 Qe5 29. Qh6+ 1-0